000 02070nam0a2200421 4500
001 RU\NLR\bibl\304889
005 20250620150216.0
010 _a5-7442-1306-6
_9250
021 _aRU
_b2002-23938
_91199
035 _a(NLR Aleph) 000300059
090 _a1757998
_c1757998
100 _a20020904d2001 |||y0rusy50 ca
101 0 _arus
_deng
102 _aRU
105 _aa |||||||||
200 1 _aЭкспериментальные исследования магматической несмесимости в силикатно-солевых системах в связи с разработкой методов извлечения алюминия из горных пород
_fВ. С. Римкевич
_gРос. акад. наук. Дальневост. отд-ние, Амур. комплекс. НИИ
210 _aБлаговещенск
_cАмурКНИИ
_d2001
215 _a210 с.
_cил.
_d21
300 _aРез. на англ. яз.
313 _aпоиск способов пр-ва Al из небокситового сырья
320 _aБиблиогр.: с. 191-209
606 0 _aАлюминий
_xОпределение в силикатных породах
_xЭкспериментальные исследования
_92261724
_3RU\NLR\auth\661356048
606 0 _aАлюминий
_xИзвлечение из горных пород
_92261117
_3RU\NLR\auth\661355721
606 0 _aСиликатно-солевые системы
_92261089
_3RU\NLR\auth\661355705
610 0 _aАлюминий - Извлечение из горных пород - Физико-химические основы
675 _a550.89
_v3
_zrus
686 _a38.57
_2rugasnti
686 _a26.34
_2rubbk
686 _aД451.31-575в615
686 _aК343.1-3
700 1 _aРимкевич
_bВ. С.
_gВячеслав Сергеевич
_4070
801 0 _aRU
_bRKP
_c20020904
_gPSBO
801 1 _aRU
_bRKP
_c20020904
801 2 _aRU
_bNLR
_c20021023
_grcr
830 _aАвт. по кн.
942 _cBOOK
980 _aNB